| 000 | 00444nam a2200181Ia 4500 | ||
|---|---|---|---|
| 001 | 20406 | ||
| 005 | 20260306172804.0 | ||
| 008 | 260306t2012||||xx |||||||||||||| ||spa|| | ||
| 041 | _aESP | ||
| 082 |
_a343.2C13 _bR91 2012 |
||
| 100 |
_aRubio Correa, Marcial _eAUT |
||
| 245 | 0 | _aPara conocer la Constitución de 1993 | |
| 260 | _c2012 | ||
| 300 |
_a325 pƔginas : _c21 cm. |
||
| 650 | _aGEN | ||
| 654 | _aCCO | ||
| 942 |
_cLIB _dJUS _fJUS _2ddc _n |
||
| 999 |
_c20406 _d20406 |
||